000 01019nam0a22002891 4500
001 RU\NLR\INFOCOMM_161\5000029827
005 20250613090605.0
035 _a(NLR Aleph) 009071942
090 _a7928388
_c7928388
100 _a20081028d1987 |||y0rusy50 ca
101 0 _aeng
102 _aRU
105 _aac z 000zy
200 1 _aAfghanistan: a difficult path to peace
_fMuhammad Ashraf
210 _aM.
_c"Novosti" press agency publ. house
_d1987
215 _a29 с., [8] л. ил., портр.
_cил., портр.
_d17 см
300 _aНа послед. с.: Афганистан: трудный путь к миру/ Мухаммад Ашраф
517 1 _aАфганистан: трудный путь к миру
607 _aАфганистан
_xИстория
_z1978-
_2nlr_sh1
686 _aТ3(5Аф)63-4
_2rubbk
700 1 _aAshraf
_bM.
_gMuhammad
_4070
801 1 _aRU
_bNLR
_c20081028
801 0 _aRU
_bNLR
_gPSBO
852 _aNLR
_jИ91 Д-2/275
942 _cBOOK
980 _aNB